परम्पराशील नाट्य / (Record no. 118938)
[ view plain ]
| 000 -LEADER | |
|---|---|
| fixed length control field | 01170nam a22002537a 4500 |
| 005 - DATE AND TIME OF LATEST TRANSACTION | |
| control field | 20170124103124.0 |
| 010 ## - LIBRARY OF CONGRESS CONTROL NUMBER | |
| LC control number | B-241913 |
| 020 ## - INTERNATIONAL STANDARD BOOK NUMBER | |
| Terms of availability | 160.00 |
| International Standard Book Number | 8181970209 |
| 035 ## - SYSTEM CONTROL NUMBER | |
| System control number | B-241913 |
| 037 ## - SOURCE OF ACQUISITION | |
| Source of stock number/acquisition | Cen Lib/Ret |
| 040 ## - CATALOGING SOURCE | |
| Original cataloging agency | DPL |
| Language of cataloging | HN |
| 082 ## - DEWEY DECIMAL CLASSIFICATION NUMBER | |
| Classification number | 822.08 |
| Item number | माथुर |
| 100 ## - MAIN ENTRY--PERSONAL NAME | |
| Personal name | माथुर, जगदीशचन्द्र |
| 9 (RLIN) | 130 |
| 245 ## - TITLE STATEMENT | |
| Title | परम्पराशील नाट्य / |
| Statement of responsibility, etc | जगदीशचन्द्र माथुर |
| 246 ## - VARYING FORM OF TITLE | |
| Title proper/short title | Pramprasheel natya |
| Remainder of title | by Jahdishchandra Mathur |
| 260 ## - PUBLICATION, DISTRIBUTION, ETC. (IMPRINT) | |
| Place of publication, distribution, etc | नई दिल्ली |
| Name of publisher, distributor, etc | राष्ट्रीय नाट्य विद्यालय |
| Date of publication, distribution, etc | 2006 |
| 270 ## - ADDRESS | |
| Address | बहावलपुर हाउस |
| City | नई दिल्ली |
| Postal code | 110001 |
| 300 ## - PHYSICAL DESCRIPTION | |
| Extent | 183पृष्ठ. |
| Dimensions | 21सेमी(सजिल्द) |
| 650 ## - SUBJECT ADDED ENTRY--TOPICAL TERM | |
| Topical term or geographic name as entry element | हिंदी साहित्य |
| 9 (RLIN) | 82599 |
| 650 ## - SUBJECT ADDED ENTRY--TOPICAL TERM | |
| Topical term or geographic name as entry element | नाट्य परम्परा की सामान्य विशेषताएं |
| 9 (RLIN) | 82600 |
| 650 ## - SUBJECT ADDED ENTRY--TOPICAL TERM | |
| Topical term or geographic name as entry element | Hindi literature |
| 9 (RLIN) | 82601 |
| 650 ## - SUBJECT ADDED ENTRY--TOPICAL TERM | |
| Topical term or geographic name as entry element | The general characteristics of the theatrical tradition |
| 9 (RLIN) | 82602 |
| 942 ## - ADDED ENTRY ELEMENTS (KOHA) | |
| Source of classification or shelving scheme | Dewey Decimal Classification |
| Koha item type | Hindi Books |
| Classification part | 822.08 |
| Call number suffix | माथुर |
| Withdrawn status | Lost status | Damaged status | Not for loan | Home library | Current library | Date acquired | Source of acquisition | Cost, normal purchase price | Total Checkouts | Total Renewals | Full call number | Barcode | Date last seen | Date checked out | Copy number | Cost, replacement price | Price effective from | Koha item type |
|---|---|---|---|---|---|---|---|---|---|---|---|---|---|---|---|---|---|---|
| Central Library | Central Library | 14/09/2015 | Cen Lib/Ret | 160.00 | 6 | 2 | 822.08 माथुर | B-241913 | 19/05/2018 | 05/05/2018 | 1 | 160.00 | 14/09/2015 | Hindi Books |
